000 02101nam a2200193 a 4500
001 ASIN0007413076
005 20170105102922.0
008 131209s2011 xxu eng d
020 _a0007413076 (paperback)
_c$20.50
020 _a9780007413072 (paperback)
040 _a0
100 1 _aTaylor, Peter.
245 1 0 _aTalking to terrorists :
_ba personal journey from the ira to al qaeda /
_cPeter Taylor.
260 _a[S.l.] :
_bHarper Press,
_c2011.
300 _a342 p. ;
_c24 cm.
520 _aA controversial and important book by BBC reporter and terrorism expert Peter Taylor In 'Talking to Terrorists' Peter Taylor takes us on a personal journey, quoting from diaries written at the time, as he reveals what it was like to come face-to-face with killers such as the Brighton bomber, Patrick Magee, and Islamic jihadis. What are terrorists really like? How do states counter them? And should governments talk to them? Drawing on more than 35 years of reporting terrorism, Taylor asks these questions as he tries to understand the motives of the men and women behind some of the world's most notorious terror attacks. The reality behind terrorism is complex. As the saying goes, 'one man's terrorist is another man's freedom fighter'. Many former 'terrorists' have gone on to become statesmen: Menachem Begin of Israel's Irgun, Yasser Arafat of Palestine's Fatah, Nelson Mandela of South Africa's ANC, and Gerry Adams and Martin McGuinness of Ireland's Irish Republican Army. Stripped of their masks, bombs and guns, terrorists are normal people - but they are prepared to kill in the name of a cause in which they believe. Taylor asks what lessons can be learned from the resolution of conflict in Northern Ireland in confronting the threat of Islamic extremism, and tackles head-on the highly topical issue of extracting actionable intelligence that could save lives. When does interrogation become torture? Often, he argues, there is little choice but to talk to the enemy.
856 4 0 _3Amazon.com
_uhttp://www.amazon.com/exec/obidos/ASIN/0007413076/chopaconline-20
942 _2ddc
_cBK
999 _c15647
_d15647